Christmas Flags - Statistics

General Stats
  • This quiz has been taken 170 times
  • The average score is 13 of 15
Answer Stats
Picture Answer % Correct
Brazil
100%
South Korea
96%
Japan
93%
Lebanon
93%
Spain
92%
Bhutan
91%
Georgia
90%
Sweden
90%
Chile
87%
Cyprus
86%
Sri Lanka
86%
Bangladesh
85%
Laos
80%
Myanmar
74%
Eswatini
73%
No matching quizzes found
Score Distribution
Percent of People with Each Score
Percentile by Number Answered
Your Score History
You have not taken this quiz